000 01737cam a2200337 ia4500
003 SA-RiAUC
005 20250218073813.0
008 250217q19901999su g bi 00000 ara c
040 _aSA-MaUQU
_bara
_cSA-RiAUC
_erda
050 4 _b.I26 1990z
082 0 4 _a415.1016
_qSA-RiAUC
090 _a415.1016
_b ا ب ن م
100 1 _aابن مالك، محمد بن عبد الله،
_d600-672 هجري
_eمؤلف.
245 1 0 _aفهارس شرح الكافية الشافية /
_cتأليف جمال الدين أبي عبد الله محمد بن عبد الله بن مالك الطائي الحياني ؛ حققه وقدم له عبد المنعم أحمد هريدي.
264 1 _aمكة المكرمة :
_bدار المأمون للتراث،
_c[بين 1990 و1999]
300 _a5 مجلد ؛
_c23 سم.
336 _aنص
_btxt
_2rdacontent
_3كتاب
337 _aبدون وسيط
_bn
_2rdamedia
338 _aمجلد
_bnc
_2rdacarrier
490 1 _aمن التراث الإسلامي ؛
_v16
500 _aيوجد بالمكتبة الجزء الخامس.
504 _aيشتمل على ببليوجرافيات.
650 7 _aاللغة العربية
_xنحو
_vكشافات
_2aucsh
700 1 _aهريدي، عبد المنعم أحمد،
_dتوفي 2014
_eمحقق.
700 1 2 _aابن قيم الجوزية، محمد بن أبي بكر بن أيوب،
_d691-751 هجري
740 2 2 _aالكافية الشافية.
740 0 2 _aشرح الكافية الشافية.
830 0 _aمن التراث الإسلامي (جامعة أم القرى. مركز البحث العلمي وإحياء التراث الإسلامي)
_v16
942 _2ddc
_cBOOK
_n0
949 _aSA-JeALM
_d250217
_uosman123
_n1
999 _c6063
_d6063